15 Grootste steden van Nederland op de kaart - Statistieken

Algemene statistieken
  • Deze quiz is 33 keer genomen
  • De gemiddelde score is 12 van 15
Antwoorden op de kaart
Antwoorden kleurgecodeerd door een groen-rode schaal op de quizkaart volgens % correct hieronder.
 
Antwoordstatistieken
Bevolking Stad % Correct
930k Amsterdam
100%
670k Rotterdam
100%
240k Groningen
97%
560k Den Haag
93%
250k Eindhoven
93%
370k Utrecht
93%
190k Breda
86%
230k Tilburg
86%
160k Arnhem
83%
220k Almere
79%
170k Apeldoorn
76%
170k Haarlem
76%
190k Nijmegen
76%
150k Amersfoort
66%
160k Hoofddorp
38%
Geen overeenkomende quizzen gevonden
Scoreverdeling
Procent van Mensen met Elke Score
Percentiel versus Aantal Correcte Antwoorden
Uw Scoregeschiedenis
U heeft deze quiz nog niet genomen